LEONARDO DA VİNCİ (Record no. 789751)

MARC details
000 -LEADER
sabit uzunluktaki kontrol alanı 00246nam a2200097Ia 4500
001 - KONTROL NUMARASI
kontrol alanı 789751
005 - EN SON İŞLEMİN TARİH VE ZAMANI
kontrol alanı 20250826170424.0
008 - SABİT-UZUNLUKTA VERİ ÖĞELERİ--GENEL BİLGİ
sabit uzunluktaki kontrol alanı 250824s9999 xx 000 0 und d
245 #0 - ESER / YAZAR
ESER ADI LEONARDO DA VİNCİ
Yazar Adı ANTONİO TELLO
260 ## - YAYIN, DAĞITIM, VB.
YAYIN EVİ JOHANNA A.BAOCCARDO
Holdings
Düşüm durumu Kayıp durumu Hasar Durumu Ödünç verilmez Ana kütüphane Geçerli Kütüphane Edinilen tarih Toplam ödünç verme sayısı Barkod Son görüntüleme tarihi Fiyatın geçerli olmaya başladığı tarih Koha materyal türü
        HOCACİHAN ORTAOKULU HOCACİHAN ORTAOKULU 24.08.2025   10517105 26.08.2025 26.08.2025 Books